000 01985cam a22004814i 4500
003 PE-LiUPU
005 20250731173554.0
008 150616s1994 sp rb 000 0 spa d
020 _a8481640018
035 _a(Sirsi) i9788481640014
040 _aPE-LiUPU
_bspa
_cPE-LiUPU
_erda
049 _aPRUA
082 0 4 _a231
_bE93
_221
100 1 _aEstrada Díaz, Juan Antonio,
_eautor.
245 1 0 _aDios en las Tradiciones Filosóficas :
_bAporías y Problemas de la Teología Natural /
_cJuan Antonio Estrada.
264 1 _aMadrid :
_bEd. Trotta S.A.,
_c1994.
300 _a262 páginas ;
_c23 centímetros.
336 _atext
_2rdacontent
337 _aunmediated
_2rdamedia
338 _avolume
_2rdacarrier
490 0 _aColección Paradigmas. Biblioteca de ciencias de las religiones ;
_v2
504 _aBibliografía al pie de páginas.
505 0 _aEl teísmo en las tradiciones mitológicas -- El teísmo en la filosofía griega -- El teísmo en la filosofía cristiana -- La crisis del tísmo tradicional -- La crítica de Heidegger al teísmo filosófico -- La crítica al teísmo en la filosofía analítica -- El replanteamiento del teísmo -- El origen del hombre y el teísmo -- Conclusión.
526 _aSEG42
526 _aSEG41
526 _aSEG40
526 _aSEG39
526 _aP94
526 _aP87
526 _aP86
526 _aP85
526 _aP77
526 _aP76
526 _aP35
650 0 4 _aDeísmo.
910 _ajck
_bjvq
_cjck
942 _2ddc
_cBOOK
949 _a231 E93
_wDEWEY
_c1
_i43462
_d2016-4-20
_e2016-4-18
_lCCODEBUL1
_mBUL
_n1
_r0
_sY
_tBOOK
_u2015-6-16
_xTEOLOGIA
_zUNKNOWN
_0COMPRA
_o.STAFF. Colección General
994 _aC0
_bPEPRU
596 _a1
999 _a231 E93
_wDEWEY
_c61432
_i43462
_d61432
_e2019-1-22
_f2021-11-9
_g5
_lCCODEBUL1
_mBUL
_n2
_p24.99
_q3
_r0
_sY
_tBOOK
_u2015-6-16
_xTEOLOGIA
_PP35
_0COMPRA
_o.STAFF. Colección Teología
980 _81
_gALBERTO SANCHEZ Responsable de Automatización